Music Quiz

Random Music or Clickable Quiz

Fates of Puccini Sopranos Quiz Stats

 Plays Quiz not verified by Sporcle

Also try: Operas by Aria
Challenge
Share
Tweet
Embed
Score 0/14 Timer 06:00
0 Plays Today
% Correct
Mimì (La Bohème)
84.5%
Cio-Cio-San (Madama Butterfly)
83.4%
Tosca (Tosca)
82.3%
Turandot (Turandot)
75.9%
Minnie (La Fanciulla del West)
70.2%
Lauretta (Gianni Schicchi)
64.6%
Liù (Turandot)
63.9%
% Correct
Musetta (La Bohème)
63.7%
Angelica (Suor Angelica)
58.4%
Manon (Manon Lescaut)
53.2%
Giorgetta (Il Tabarro)
42.7%
Magda (La Rondine)
39.2%
Anna (Le Villi)
36.8%
Fidelia (Edgar)
30.9%

You're not logged in!

Compare scores with friends on all Sporcle quizzes.
Join for Free
OR
Log In

You Might Also Like...

Show Comments

Extras

Top Quizzes Today


Score Distribution

Your Account Isn't Verified!

In order to create a playlist on Sporcle, you need to verify the email address you used during registration. Go to your Sporcle Settings to finish the process.

Report this User

Report this user for behavior that violates our Community Guidelines.

Details: